Collective preventive diplomacy : (Record no. 8659)

MARC details
000 -LEADER
fixed length control field 01534cam a22003134a 4500
001 - CONTROL NUMBER
control field 13456022
003 - CONTROL NUMBER IDENTIFIER
control field OSt
005 - DATE AND TIME OF LATEST TRANSACTION
control field 20220210130450.0
008 - FIXED-LENGTH DATA ELEMENTS--GENERAL INFORMATION
fixed length control field 040113s2004 nyua b 001 0 eng
010 ## - LIBRARY OF CONGRESS CONTROL NUMBER
LC control number 2004041674
020 ## - INTERNATIONAL STANDARD BOOK NUMBER
International Standard Book Number 079145987X (alk. paper)
040 ## - CATALOGING SOURCE
Original cataloging agency DLC
Transcribing agency DLC
Modifying agency DLC
042 ## - AUTHENTICATION CODE
Authentication code pcc
050 00 - LIBRARY OF CONGRESS CALL NUMBER
Classification number JZ6045.S74
082 00 - DEWEY DECIMAL CLASSIFICATION NUMBER
Classification number 327.1/72
Edition number 22
100 1# - MAIN ENTRY--PERSONAL NAME
Personal name Steiner, Barry H.
Fuller form of name (Barry Howard),
245 10 - TITLE STATEMENT
Title Collective preventive diplomacy :
Remainder of title a study in international conflict management /
Statement of responsibility, etc. Barry H. Steiner.
260 ## - PUBLICATION, DISTRIBUTION, ETC.
Place of publication, distribution, etc. Albany :
Name of publisher, distributor, etc. State University of New York Press,
Date of publication, distribution, etc. c2004.
300 ## - PHYSICAL DESCRIPTION
Extent xii, 255 p. :
Other physical details ill. ;
Dimensions 24 cm.
440 #0 - SERIES STATEMENT/ADDED ENTRY--TITLE
Title SUNY series in global politics
504 ## - BIBLIOGRAPHY, ETC. NOTE
Bibliography, etc. note Includes bibliographical reference and index.
505 ## - FORMATTED CONTENTS NOTE
Formatted contents note Contents : Part 1: Framework and concepts : Introduction -- Insulation and intervention: A conceptual overview -- Forging great-power consensus -- Part 2 : The history: Eight cases -- Part 3: Case analysis : Local ethics conflict as an international problem -- Great-power objectives and agenda making -- Conciliating the antagonists -- From conciliation to coercion -- The endgame -- Part 4: Implications for policy
650 #0 - SUBJECT ADDED ENTRY--TOPICAL TERM
Topical term or geographic name entry element Diplomatic negotiations in international disputes
Form subdivision Case studies.
650 #0 - SUBJECT ADDED ENTRY--TOPICAL TERM
Topical term or geographic name entry element Diplomacy.
650 #0 - SUBJECT ADDED ENTRY--TOPICAL TERM
Topical term or geographic name entry element Conflict management.
906 ## - LOCAL DATA ELEMENT F, LDF (RLIN)
a 7
b cbc
c orignew
d 1
e ocip
f 20
g y-gencatlg
942 ## - ADDED ENTRY ELEMENTS (KOHA)
Source of classification or shelving scheme Library of Congress Classification
Koha item type Books
Holdings
Withdrawn status Lost status Source of classification or shelving scheme Damaged status Not for loan Home library Current library Shelving location Date acquired Total Checkouts Full call number Barcode Date last seen Copy number Price effective from Koha item type
    Library of Congress Classification     WISCONSIN INTERNATIONAL UNIVERSITY COLLEGE, GHANA - MAIN LIBRARY WISCONSIN INTERNATIONAL UNIVERSITY COLLEGE, GHANA - MAIN LIBRARY Reference 10/02/2022   JZ6045.S74 9008/459/22 10/02/2022 1 10/02/2022 Books

If you have any concerns or questions; kindly contact the library


© Powered by WIUC ICT DIRECTORATE